LEADER 01174nam a2200229 i 4500 001 000000222817 003 CaOOAMICUS 005 20130926000000.0 008 130926s1976 it u000 u ita u 013 $a201714 040 $aSeMil$bita 100 1 $aSanta Sede : Sacra congregazione per la dottrina della fede.$0(OLS)http://semarc/name/3852 245 10$aAlcune questioni di etica sessuale :$bdichiarazioni della Sacra Congregazione per la Dottrina della Fede. 260 $a[S.l.] :$bPaoline,$c1976. 300 $a29 p. ;$c18 cm. 500 $aIn testa al front. : Congregazione per la Dottrina della Fede. 650 4$aEtica sessuale.$0(OLS)http://semarc/subject/10388 650 4$aSacre Congregazioni - Congregazione per la Dottrina della Fede - Dichiarazioni . Persona humana.$0(OLS)http://semarc/subject/32219 850 $aSeMil 852 $aSeMil$W1$xVenegono$y1$m5D VIII 11/35$j173163$B173163$CSeMilBibl$Z2$F183489 $81 996 $6245$aAlcune questioni di etica sessuale :$bdichiarazioni della Sacra Congregazione per la Dottrina della Fede$9(OLS)http://semarc/title/319504 996 $6260$a[S.l.] :$bPaoline$9(OLS)http://semarc/publisher/31245 LEADER 01165nam a2200265 i 4500 001 000000110317 003 CaOOAMICUS 005 20021128000000.0 008 021128s1996 it u000 u ita u 013 $a82998 040 $aSeMil$bita 100 1 $aLacroix, Xavier,$d<1947- >.$0(OLS)http://semarc/name/90894 240 13$aLa différence homme-femme et sa portée spirituelle.$0(OLS)http://semarc/title/160338 245 12$aL'alterità uomo-donna e la sua portata spirituale /$cXavier Lacroix. 260 $aMagnano :$bQiqajon,$ccopyr. 1996. 300 $a27 p. ;$c21 cm. 490 0 $aTesti di meditazione ;$v73 650 4$aAlterità.$0(OLS)http://semarc/subject/1116 650 4$aMatrimonio - Teologia morale.$0(OLS)http://semarc/subject/4481 830 0$aTesti di meditazione ;$v73.$0(OLS)http://semarc/title/10669 850 $aSeMil 852 $aSeMil$W1$xVenegono$y1$m176 14 73 *$j66215$B66215$CSeMilBibl$Z2$F73212 $81 961 $aRecupero: Biblioteca Seminario Liceale 996 $6245$aL'alterità uomo-donna e la sua portata spirituale$9(OLS)http://semarc/title/160337 996 $6260$aMagnano :$bQiqajon$9(OLS)http://semarc/publisher/32326 LEADER 01089nab a2200241 i 4500 001 000000292322 003 CaOOAMICUS 005 20190730125155.0 008 180126t2017 it bn p u0 a0ita r 013 $a48185 040 $aSeMil$bita 100 0 $aAutori Vari.$0(OLS)http://semarc/name/4368 245 10$aGraduale Semplice :$bVolume 12. : Messa per gli Sposi /$cAutori Vari ; a cura di Gian Nicola Vessia, Gilberto Sessantini. 246 04$aParti gregoriane della Missa Pro Sponsis 300 $a42 p. 500 $aNum. 5510 delle Ed. Carrara. - Formulazione di responsabilità secondarie [curatori] dalla copertina. 513 $aSettembre-Dicembre 2017. 700 1 $aSessantini, Gilberto.$0(OLS)http://semarc/name/13810 700 1 $aVessia, Gian Nicola.$0(OLS)http://semarc/name/26794 773 0 $t[2017].$dBergamo : Ed. Carrara, copyr. 2017.$gN° 5-6$w()255602 996 $6246$aParti gregoriane della Missa Pro Sponsis$9(OLS)http://semarc/title/424999 996 $6245$aGraduale Semplice :$bVolume 12. : Messa per gli Sposi$9(OLS)http://semarc/title/415400 LEADER 02794nam a2200469 i 4500 001 000000042346 003 CaOOAMICUS 005 20091007000000.0 008 091007s1994 sz u000 u mul u 013 $a13516 020 $a3-906752-07-0 040 $aSeMil$bita 245 10$aFestschrift Günter Wagner /$cedited by Faculty of Baptist Theological Seminary Rüschlikon, Switzerland. 260 $aBern [etc.] :$bPeter Lang,$c1994. 300 $axviii, 251 p. :$b1 ritr. ;$c23 cm. 490 0 $aInternational theological studies : contributions of Baptist scholars ;$v1 650 4$aBibbia. Nuovo Testamento - Commentari, studi, critica, interpretazioni.$0(OLS)http://semarc/subject/184 650 4$aMovimento ecumenico.$0(OLS)http://semarc/subject/9007 700 1 $aBaptist Theological Seminary .$0(OLS)http://semarc/name/9898 700 1 $aWagner, Günter <1928- >.$0(OLS)http://semarc/name/369 774 0 $aBeasley-Murray, George Raymond$tProblem of infant baptism.$w()293796 774 0 $aDuprey, Pierre $tBible, lieu de rencontre entre les Églises et les chrétiens.$w()293797 774 0 $aGassmann, Günther <1931-2017>$tUnity we seek.$w()293798 774 0 $aGeldbach, Erich <1939- >$tTaufe und Wiedertaufe.$w()293799 774 0 $aHellholm, David$t"Rejoice and be glad, for your reward is great in heaven".$w()293800 774 0 $aLorenzen, Thorwald$tResurrection and discipleship.$w()293801 774 0 $aMbiti, John <1931-2019>$tHoly Spirit in African independent churches.$w()293802 774 0 $tForm und Norm.$w()293803 774 0 $aPopkes, Wiard <1936-2007>$tLaw of liberty (James 1:25; 2:12).$w()293804 774 0 $aReiling, Jannes$tMagna Charta of spiritual gifts.$w()293805 774 0 $aSchweizer, Eduard <1913-2006>$tWhere are we today in the life-of-Jesus research?.$w()293806 774 0 $aScott, Martin$tWomen of the fourth Gospel.$w()293807 774 0 $aVincent, Jean Marcel$tSome reflection on "ophthe" (1. Cor 15:5) on the background of Ezek 1.$w()293808 774 0 $aVischer, Lukas <1926-2008>$tHoly Spirit source of sanctification.$w()293809 774 0 $aVoss, Gerhard $tGeistliche Leitungsamt in den Mönchsgemeinschaften Benedikts von Nursia.$w()293810 830 0$aInternational theological studies : contributions of Baptist scholars ;$v1.$0(OLS)http://semarc/title/29431 850 $aSeMil 852 $aSeMil$W1$xVenegono$y1$m2B III 444$j8501$B8501$CSeMilBibl$Z2$F8501 $81 961 $aAcquisto: Casa editrice 996 $6020$a3-906752-07-0$9(OLS)http://semarc/number/13575 996 $6245$aFestschrift Günter Wagner$9(OLS)http://semarc/title/61720 996 $6260$aBern [etc.] :$bPeter Lang$9(OLS)http://semarc/publisher/33531